On This Day: November 11th Quiz Stats

 Plays Quiz Updated Nov 11, 2017

Challenge
Share
Tweet
Embed
Score 0/7 Timer 03:00
0 Plays Today
Question Answer Wrong Answers
This American actor, who achieved international fame for his role in the film ‘Titanic’, is born.
1974
Leonardo DiCaprio
96.6%
Brad Pitt
0.6%
Johnny Depp
0.5%
Tobey Maguire
0.3%
The Palestine Liberation Organization confirms the death of this man from unidentified causes. Mahmoud Abbas is elected chairman of the PLO minutes later.
2004
Yasser Arafat
88%
Mohammed Dahlan
1.8%
Salah Khalaf
1.8%
Hafez al-Assad
5.7%
The Victorian Aboriginal Protection Act is enacted in _____, giving the government control of various aspects of indigenous people's lives, and effectively leading to the Stolen Generations.
1869
Australia
85.3%
New Zealand
7.5%
South Africa
4.2%
India
2.2%
The Tomb of the ______ is dedicated by US President Warren G. Harding at Arlington National Cemetery.
1921
Unknowns
76.6%
Fallen
14%
Patriots
2.8%
Forgotten
4.9%
General William Tecumseh Sherman begins burning Atlanta to the ground in preparation for his ______.
1864
March to the Sea
73.3%
Siege of Augusta
16.1%
Savannah Slaughter
7.4%
Walk to the Wilderness
3.1%
Known as ‘The Evergreen State’ today, this territory is admitted as the 42nd state in the Union.
1889
Washington
71.6%
Minnesota
8.2%
Nebraska
7%
Colorado
11.9%
In a railroad car in the forest of Compiègne, this nation signs an armistice agreement with the Allies.
1918
Germany
69.4%
Italy
16.7%
Denmark
6%
Spain
6.2%

You're not logged in!

Compare scores with friends on all Sporcle quizzes.
OR
Log In

You Might Also Like...

Show Comments

Extras

Top Quizzes Today


Score Distribution

Your Account Isn't Verified!

In order to create a playlist on Sporcle, you need to verify the email address you used during registration. Go to your Sporcle Settings to finish the process.

Report this User

Report this user for behavior that violates our Community Guidelines.

Details: